[Event "Asia/Oceania Uni-ch (Women)"]
[Site "Tornelo INT"]
[Date "2022.12.19"]
[Round "6"]
[White "Karma, Gyelmo"]
[Black "Lana, Haymoor"]
[Result "0-1"]
[WhiteElo "1268"]
[BlackElo "1268"]
[PlyCount "132"]
[EventDate "2022.12.18"]
[EventType "swiss (rapid)"]
[EventRounds "9"]
[EventCountry "NET"]
[SourceTitle "EXT 2024"]
[Source "ChessBase"]
[SourceDate "2023.10.10"]
[SourceVersion "1"]
[SourceVersionDate "2023.10.10"]
[SourceQuality "1"]

1. e4 c5 2. Nc3 Nc6 3. Nf3 e5 4. Be2 Nf6 5. d3 d6 6. 0-0 Be7 7. g3 Nd4 8. Nxd4 cxd4 9. Nd5 Be6 10. Nxf6+ Bxf6 11. c4 0-0 12. f4 exf4 13. Bxf4 Qd7 14. b3 Be5 15. a4 a5 16. g4 h6 17. Rc1 g5 18. Bxe5 dxe5 19. Qe1 Bxg4 20. Bxg4 Qxg4+ 21. Qg3 Qxg3+ 22. hxg3 Kg7 23. g4 f6 24. Kh2 Rh8 25. Kg3 h5 26. Rh1 hxg4 27. Kxg4 Kg6 28. Rxh8 Rxh8 29. c5 Rh4+ 30. Kg3 f5 31. exf5+ Kxf5 32. Rf1+ Kg6 33. Rf8 Rh1 34. Rb8 Rc1 35. Rxb7 Rxc5 36. Kg4 Rc3 37. Rb6+ Kf7 38. Rb5 Rxd3 39. Rxe5 Rxb3 40. Rxa5 Ra3 41. Kxg5 d3 42. Rf5+ Ke6 43. a5 d2 44. Rf6+ Ke7 45. Rf1 Rxa5+ 46. Kh6 Rd5 47. Rd1 Ke6 48. Rxd2 Rxd2 49. Kg5 Rf2 50. Kh4 Kf5 51. Kg3 Rf1 52. Kg2 Rf4 53. Kg3 Kg5 54. Kg2 Kg4 55. Kh2 Rf3 56. Kg2 Ra3 57. Kf2 Kf4 58. Ke2 Ke4 59. Kd2 Kd4 60. Kc2 Rh3 61. Kd2 Rh2+ 62. Ke1 Kd3 63. Kf1 Ke3 64. Kg1 Ra2 65. Kf1 Rb2 66. Ke1 Rb1# 0-1